DeFi v datech - kudy tečou finance?
Metrika vo svete decentralizovaných financií (DeFi) nazývaná Total Value Locked (TVL). Výnosy, poplatky a podvody v decentralizovaných financiách. Bitcoin a DeFi.
Guardado en:
| Autor principal: | |
|---|---|
| Formato: | Capítulo de libro |
| Lenguaje: | checo |
| Materias: | |
| Etiquetas: |
Sin Etiquetas, Sea el primero en etiquetar este registro!
|
MARC
| LEADER | 00000naa a2200000 4500 | ||
|---|---|---|---|
| 001 | 0288908 | ||
| 005 | 20240417075220.0 | ||
| 041 | 0 | |a cze | |
| 044 | |a CZ | ||
| 245 | 1 | 0 | |a DeFi v datech - kudy tečou finance? |c Ondřej Mikulčík |
| 520 | |a Metrika vo svete decentralizovaných financií (DeFi) nazývaná Total Value Locked (TVL). Výnosy, poplatky a podvody v decentralizovaných financiách. Bitcoin a DeFi. | ||
| 610 | 2 | 0 | |a financie |
| 610 | 2 | 0 | |a investori |
| 610 | 2 | 0 | |a mena virtuálna |
| 610 | 2 | 0 | |a technológie nové |
| 610 | 2 | 0 | |a výnosy |
| 610 | 2 | 0 | |a poplatky |
| 100 | 1 | |a Mikulčík, Ondřej | |